| 000 | 01238nam a2200337 i 4500 | ||
|---|---|---|---|
| 003 | EG-GICUC | ||
| 005 | 20260327173537.0 | ||
| 008 | 251218s1985 ua ||||f |||| 00| 0 ara d | ||
| 017 | _a853237 | ||
| 020 | _a9772380072 | ||
| 040 |
_a EG-GICUC _bara _c EG-GICUC _d EG-GICUC _erda |
||
| 041 | _aara | ||
| 082 | 0 | 4 |
_221 _a343.6 _bا ح . ع |
| 092 | 0 | 4 | _221 |
| 099 | _aLaw1 10 343.6 ا ح . ع 1 ed - 1985 | ||
| 100 | 0 |
_aاحمد عوض بلال، _eمؤلف. |
|
| 245 | 1 | 0 |
_aعلم الإجرام : _bالنظرية العامة والتطبيقات / _cاحمد عوض بلال. |
| 250 | _aالطبعة الاولى | ||
| 264 | 1 |
_aالقاهرة : _bدار النهضة العربية، _c1985. |
|
| 300 |
_a؛ 559 صفحة _c24 سم. |
||
| 336 |
_2rda content _atext |
||
| 337 |
_2rda media _aComputer |
||
| 338 |
_2rda carrier _aOnline Resource |
||
| 504 | _aيحتوي على ارجاعات ببليوجرافية | ||
| 546 | _aالنص أغلبه باللغة العربية بعض النصوص الإنجليزية والفرنسية | ||
| 650 | 1 | 4 |
_aعلم الإجرام _2qrmak |
| 651 | 1 | _2qrmak | |
| 856 | 4 | 0 | _uhttps://fll.law.cu.edu.eg/fulltext/bks/B10-07185.pdf |
| 905 |
_a75 _eYara |
||
| 942 |
_2ddc _cBK _e21 _n0 |
||
| 999 |
_c51753 _d51753 |
||